<?xml version="1.0" encoding="UTF-8"?>
<record
    xmlns:xsi="http://www.w3.org/2001/XMLSchema-instance"
    xsi:schemaLocation="http://www.loc.gov/MARC21/slim http://www.loc.gov/standards/marcxml/schema/MARC21slim.xsd"
    xmlns="http://www.loc.gov/MARC21/slim">

  <leader>01082nam a2200229 i 4500</leader>
  <controlfield tag="003">DO-SdBNP</controlfield>
  <controlfield tag="005">20230616091044.0</controlfield>
  <controlfield tag="007">ta</controlfield>
  <controlfield tag="008">220117e2021    dr acd|grt||| 001 0 spa d</controlfield>
  <datafield tag="040" ind1=" " ind2=" ">
    <subfield code="a">DO-SdBNP</subfield>
    <subfield code="b">spa</subfield>
    <subfield code="c">BNPHU</subfield>
    <subfield code="e">rda</subfield>
  </datafield>
  <datafield tag="082" ind1=" " ind2="4">
    <subfield code="b">C7q</subfield>
    <subfield code="2">22</subfield>
  </datafield>
  <datafield tag="111" ind1="2" ind2=" ">
    <subfield code="9">57630</subfield>
    <subfield code="a">Asamblean general de delegados</subfield>
    <subfield code="n">(51 :  </subfield>
    <subfield code="d">25 y 26 de noviembre, 2022:</subfield>
    <subfield code="c">Juan Dolio, San Pedro de Macor&#xED;s: Rep&#xFA;blica Dominicana) </subfield>
  </datafield>
  <datafield tag="245" ind1="1" ind2="0">
    <subfield code="a">51 asamblea general ordinaria de delegados :</subfield>
    <subfield code="b">informe correspondiente al a&#xF1;o fiscal  2021 /</subfield>
    <subfield code="c">COOPNAMA</subfield>
  </datafield>
  <datafield tag="246" ind1=" " ind2=" ">
    <subfield code="a">Quincuag&#xE9;simo primero asamblea general ordinaria de delegados :</subfield>
    <subfield code="b">informe correspondiente al a&#xF1;o 2014</subfield>
  </datafield>
  <datafield tag="264" ind1=" " ind2=" ">
    <subfield code="a">Santo Domingo :</subfield>
    <subfield code="b">Cooperativa Nacional de Servicios M&#xFA;ltiples de los Maestros,</subfield>
    <subfield code="c">2021</subfield>
  </datafield>
  <datafield tag="300" ind1=" " ind2=" ">
    <subfield code="a">128 paginas . :</subfield>
    <subfield code="b">ilustrados. ;</subfield>
    <subfield code="c">29 cm.</subfield>
  </datafield>
  <datafield tag="590" ind1=" " ind2=" ">
    <subfield code="a">Inventariado, 2023 / DG</subfield>
  </datafield>
  <datafield tag="611" ind1=" " ind2=" ">
    <subfield code="a">Asamblea general ordinaria</subfield>
    <subfield code="c">(San Pedro de Macor&#xED;s: Rep&#xFA;blica Dominicana</subfield>
    <subfield code="d">2021)</subfield>
    <subfield code="9">80948</subfield>
  </datafield>
  <datafield tag="710" ind1=" " ind2=" ">
    <subfield code="a">Cooperativa Nacional de Servicios M&#xFA;ltiples de los Maestros (Rep&#xFA;blica Dominicana)</subfield>
    <subfield code="9">74554</subfield>
  </datafield>
  <datafield tag="910" ind1=" " ind2=" ">
    <subfield code="a">DG</subfield>
  </datafield>
  <datafield tag="942" ind1=" " ind2=" ">
    <subfield code="2">ddc</subfield>
    <subfield code="c">LBS1</subfield>
  </datafield>
  <datafield tag="952" ind1=" " ind2=" ">
    <subfield code="0">0</subfield>
    <subfield code="1">0</subfield>
    <subfield code="2">ddc</subfield>
    <subfield code="5">1</subfield>
    <subfield code="7">0</subfield>
    <subfield code="8">PD</subfield>
    <subfield code="a">BNPHU</subfield>
    <subfield code="b">BNPHU</subfield>
    <subfield code="c">CT</subfield>
    <subfield code="d">2023-06-16</subfield>
    <subfield code="l">0</subfield>
    <subfield code="o">BNPHU PD C7q</subfield>
    <subfield code="p">2023-2534</subfield>
    <subfield code="r">2023-06-16</subfield>
    <subfield code="w">2023-06-16</subfield>
    <subfield code="y">LBS1</subfield>
  </datafield>
  <datafield tag="999" ind1=" " ind2=" ">
    <subfield code="c">53845</subfield>
    <subfield code="d">53845</subfield>
  </datafield>
</record>
